Torschützenliste der Ligue 1 - Statistiken

Allgemein
  • Dieses Quiz wurde 34 mal gespielt
  • Das Durchschnittsergebnis liegt bei 1 aus 15
Antwortstatistiken
Tore Nationalität Tore für Verein(e) Spieler % Korrekt
191 Frankreich AS Monaco 16, Paris Saint-Germain 175 Kylian Mbappé
97%
164 Frankreich OGC Nizza 42, Stade Reims 122 Just Fontaine
19%
179 Argentinien Stade Reims 107, Paris Saint-Germain 64, RC Strasbourg 8 Carlos Bianchi
6%
216 Frankreich AS Saint-Étienne 175, OGC Nizza 41 Hervé Revelli
6%
299 Argentinien Stade Reims 39, AS Monaco 157, FC Tours 64, SC Toulon 39 Delio Onnis
3%
210 Frankreich FC Sochaux 209, Troyes AS/ES 1 Roger Courtois
3%
203 Frankreich FC Nancy 91, Stade Reims 106, OGC Nizza 6 Roger Piantoni
3%
206 Frankreich FC Metz 45, Racing Paris 152, Valenciennes US/FC 9 Thadée Cisowski
3%
163 Frankreich Girondins Bordeaux 158, Olympique Marseille 5 Alain Giresse
0%
255 Frankreich Olympique Lyon 123, AS Saint-Étienne 14, Girondins Bordeaux 118 Bernard Lacombe
0%
187 Frankreich Olympique Lyon 182, Red Star Paris 5 Fleury Di Nallo
0%
179 Schweden Olympique Marseille ⁠169; Girondins Bordeaux 10 Gunnar Anderssonn
0%
173 Marokko Olympique Nîmes 119, Stade Reims 48, AS Monaco 6 Hassan Akesbi
0%
169 Frankreich OSC Lille 167, RC Roubaix 2 Jean Baratte
0%
190 Frankreich Stade Français Paris 3, FC Sète 15, Olympique Nîmes 38, OGC Nizza 59, Racing Paris 75 Joseph Ujlaki
0%
Keine übereinstimmenden Quizze gefunden
Verteilung der Resultate
Anzahl Personen mit jedem Resultat
Perzentil nach korrekt beantworteten Fragen
Ihre Resultats-Entwicklung
Sie haben dieses Quiz noch nicht gespielt